| 000 | 00580nam a22001817a 4500 | ||
|---|---|---|---|
| 005 | 20231206074944.0 | ||
| 008 | 231206b |||||||| |||| 00| 0 eng d | ||
| 020 | _a0409019909 | ||
| 041 | _aEnglish | ||
| 082 | _a346.6 CLO | ||
| 100 |
_aCilliers, HS et al. _lEnglish |
||
| 245 |
_aClose Corporations : _bA Comprehensive Guide / _cHS Cilliers et al. |
||
| 250 | _aSecond Edition | ||
| 260 |
_aDurban : _bButterworth Publishers (Pty) Ltd, _c1993 |
||
| 300 |
_bvii, 280 pages ; _c25 cm. |
||
| 650 |
_aLegal practice _bLaw |
||
| 942 |
_cBK _6ALISON_BN_VRIES |
||
| 999 |
_c1138 _d1138 |
||